000 00746cam a2200241 a 4500
001 1477157
005 20250221205348.0
008 870413s1987 nyua b 001 0 eng c
020 _a0443084939
050 0 0 _aRD768
_b.P49 1987
082 0 0 _a617/.56062
_219
245 0 0 _aPhysical therapy of the low back /
_cedited by Lance T. Twomey, James R. Taylor.
260 _aNew York :
_bChurchill Livingstone,
_c1987.
300 _axvi, 328 p. :
_bill. ;
_c24 cm.
440 0 _aClinics in physical therapy ;
_vv. 13
650 0 _aBackache
_xPhysical therapy.
650 0 _aBackache.
650 2 _aBackache
_xrehabilitation.
650 2 _aPhysical Therapy.
700 1 _aTwomey, Lance T.
700 1 _aTaylor, James R.,
_cPh.D.
942 _2lcc
_cBK
_n0
999 _c4092
_d4092